LEADER 00735nam0-22002771i-450- 001 990000442430403321 005 20001010 035 $a000044243 035 $aFED01000044243 035 $a(Aleph)000044243FED01 035 $a000044243 100 $a20001010d--------km-y0itay50------ba 101 0 $aita 105 $ay-------001yy 200 1 $aPRONTUARIO di protezione civile$eannuario della protezione civile italiana 210 $aMilano$cEdizioni Nazionali$d2000 215 $a493 p.$cill.$d21 cm 610 0 $aProtezione Civile 676 $a363.34 801 0$aIT$bUNINA$gRICA$2UNIMARC 901 $aBK 912 $a990000442430403321 952 $a08 AE 236$b1068$fDINED 959 $aDINED 997 $aUNINA DB $aING01 LEADER 01434nam 2200469 450 001 9910671110703321 005 20200311104649.0 010 $a607-8552-88-0 035 $a(CKB)4100000007545089 035 $a(MiAaPQ)EBC5635958 035 $a(OCoLC)1145088438 035 $a(FINmELB)ELB116937 035 $a(EXLCZ)994100000007545089 100 $a20190610d2018 uy 0 101 0 $aspa 135 $aurcnu|||||||| 181 $2rdacontent 182 $2rdamedia 183 $2rdacarrier 200 10$aAbrir en caso de emergencia $egui?a para el buen desempen?o de una organizacio?n familiar /$fJose? Mario Rizo Rivas 210 1$aMe?xico, D.F. :$cInstituto Mexicano de Contadores Pu?blicos,$d2018. 215 $a1 online resource (158 pa?ginas) $cilustraciones 311 $a607-8552-71-6 606 $aFamily-owned business enterprises 606 $aLeadership 606 $aAdministracio?n de empresas 606 $aFamilia 606 $aLiderazgo 608 $aLibros electronicos. 615 0$aFamily-owned business enterprises. 615 0$aLeadership. 615 4$aAdministracio?n de empresas. 615 4$aFamilia. 615 4$aLiderazgo. 676 $a338.6 700 $aRizo Rivas$b Jose? Mario$01335569 801 0$bFINmELB 801 1$bFINmELB 906 $aBOOK 912 $a9910671110703321 996 $aAbrir en caso de emergencia$93049786 997 $aUNINA